| 000 | 01157cam a2200325 a 4500 | ||
|---|---|---|---|
| 999 |
_c6463 _d6463 |
||
| 001 | 424988 | ||
| 003 | OSt | ||
| 005 | 20200123102636.0 | ||
| 008 | 810227m19819999dcua b 001 0 eng | ||
| 010 | _a 81001648 | ||
| 020 | _a0912704349 (v. 1) | ||
| 020 | _a1557980306 (v. 2) | ||
| 020 | _a1557980810 (v. 3) | ||
| 040 |
_aDLC _cDLC _dDLC |
||
| 082 | 0 | 0 |
_a370.15 _bACT 1987 |
| 245 | 0 | 0 |
_aActivities handbook for the teaching of psychology / _cLudy T. Benjamin, Jr., Kathleen D. Lowman, editors. |
| 260 |
_aWashington, D.C. : _bAmerican Psychological Association, _c1987 |
||
| 300 |
_axiii,345p; _bill. ; _c26-28 cm. |
||
| 500 | _aVols. 2-3 edited by: Vivian Parker Makosky ... [et al.]. | ||
| 504 | _aIncludes bibliographical references and indexes. | ||
| 650 | 0 |
_aPsychology _xStudy and teaching. _913290 |
|
| 650 | 0 |
_aPsychology _xProblems, exercises, etc. _913291 |
|
| 700 | 1 |
_aBenjamin, Ludy T., _d1945- _913292 |
|
| 700 | 1 |
_aLowman, Kathleen D., _d1948- _913293 |
|
| 700 | 1 |
_aMakosky, Vivian Parker. _913294 |
|
| 906 |
_a7 _bcbc _corignew _d1 _eocip _f19 _gy-gencatlg |
||
| 942 |
_2ddc _cO_SHELF |
||